Southville International School and Colleges
Your cart is empty.
  • Cart
  • Lists
    Public lists Eva Luna New books Lux_list list_1
    Your lists Log in to create your own lists
  • Log in to your account
  • Your cookies
  • Search history
Southville International School and Colleges
  • Advanced search
  • Recent comments
  • Most popular
  • Libraries

Log in to your account

Log in with GOOGLE


If you do not have an external account, but do have a local account, you can still log in:

  1. Home
  2. MARC view: Motivate:
Normal view MARC view ISBD view

Motivate: (Record no. 359485)

[ view plain ]
MARC details
000 -LEADER
fixed length control field 00550nam a2200193Ia 4500
003 - CONTROL NUMBER IDENTIFIER
control field SISC
005 - DATE AND TIME OF LATEST TRANSACTION
control field 20241115104703.0
008 - FIXED-LENGTH DATA ELEMENTS--GENERAL INFORMATION
fixed length control field 181126s9999 xx 000 0 und d
020 ## - INTERNATIONAL STANDARD BOOK NUMBER
International Standard Book Number 9789710097456
050 ## - LIBRARY OF CONGRESS CALL NUMBER
Classification number BV 4529
Item number .T161 2017
082 ## - DEWEY DECIMAL CLASSIFICATION NUMBER
Classification number TR 649.1
Item number T161 2017
100 ## - MAIN ENTRY--PERSONAL NAME
Personal name Tan-Chi. Peter and Deonna
245 ## - TITLE STATEMENT
Statement of responsibility, etc Peter and Deonna Tan-Chi
Title Motivate:
Remainder of title 8 secret of successful parenting/
260 ## - PUBLICATION, DISTRIBUTION, ETC. (IMPRINT)
Place of publication, distribution, etc Manila :
Name of publisher, distributor, etc OMF Literature Inc.
Date of publication, distribution, etc 2017
300 ## - PHYSICAL DESCRIPTION
Extent x, 233 pages :
Dimensions 21 cm.
650 ## - SUBJECT ADDED ENTRY--TOPICAL TERM
Topical term or geographic name as entry element Parenting
942 ## - ADDED ENTRY ELEMENTS (KOHA)
Source of classification or shelving scheme Library of Congress Classification
Koha item type Books
Holdings
Withdrawn status Lost status Source of classification or shelving scheme Damaged status Home library Current library Shelving location Date acquired Source of acquisition Total Checkouts Full call number Barcode Date last seen Price effective from Koha item type
    Library of Congress Classification   Luxembourg Library Luxembourg Library Teachers Reference Section 11/26/2018 Library Fund   BV 4529 .T161 2017 20686 11/26/2018 11/26/2018 Books
    Dewey Decimal Classification   Munich Library Munich Library Teachers Reference Section 11/11/2024 Library Fund   TR 649.1 T161 2017 M8472 11/11/2024 11/11/2024 Books

Motivate:

APA

Tan-Chi. Peter and Deonna, . (2017). Motivate. Manila: OMF Literature Inc.

Chicago

Tan-Chi. Peter and Deonna, . 2017. Motivate. Manila: OMF Literature Inc.

Harvard

Tan-Chi. Peter and Deonna, . (2017). Motivate. Manila: OMF Literature Inc.

MLA

Tan-Chi. Peter and Deonna, . Motivate. Manila: OMF Literature Inc. 2017.

  • Place hold
  • Print
  • Cite
  • Add to your cart (remove)
  • Save record
    BIBTEX Dublin Core MARCXML MARC (non-Unicode/MARC-8) MARC (Unicode/UTF-8) MARC (Unicode/UTF-8, Standard) MODS (XML) RIS
  • More searches
    Search for this title in:
    Other Libraries (WorldCat) Other Databases (Google Scholar) Online Stores (Bookfinder.com) Open Library (openlibrary.org)

Exporting to Dublin Core...

SOUTHVILLE LIBRARY

Southville International School and Colleges Library

1281 Tropical Ave. Cor. Luxembourg St., BF Homes International, Las Pinas City

Tel. No. 8256374 / 252358 Loc. 117/146

Powered by Koha